<?xml version="1.0" encoding="UTF-8"?>
<collection xmlns="http://www.loc.gov/MARC21/slim">
 <record>
  <leader>00974nam a2200169 a 4500</leader>
  <controlfield tag="001">1/54707</controlfield>
  <controlfield tag="008">211209s2014    gr            000 | gre d</controlfield>
  <datafield tag="040" ind1=" " ind2=" ">
   <subfield code="a">GR-PeUP</subfield>
  </datafield>
  <datafield tag="082" ind1="0" ind2="0">
   <subfield code="a">210 ΠΑΠ</subfield>
  </datafield>
  <datafield tag="100" ind1="1" ind2=" ">
   <subfield code="a">Παπασωτηρίου, Κωνσταντίνος.</subfield>
  </datafield>
  <datafield tag="245" ind1="1" ind2="0">
   <subfield code="a">Σοφίας αποστάγματα :</subfield>
   <subfield code="b">το τετράδιο της συλλογής 6.850 «γνώμες, γνωμικά και αποφθέγματα, ποιήματα, παροιμίες, ελεύθεροι στοχασμοί, απλά λόγια και μεγάλες αλήθειες διδακτικού περιεχομένου από πολλούς, πολλά, για όλους. /</subfield>
   <subfield code="c">Κ. Στ. Παπασωτηρίου.</subfield>
  </datafield>
  <datafield tag="260" ind1=" " ind2=" ">
   <subfield code="a">Αθήνα :</subfield>
   <subfield code="b">[χ.ό.],</subfield>
   <subfield code="c">2014.</subfield>
  </datafield>
  <datafield tag="300" ind1=" " ind2=" ">
   <subfield code="a">538 σ. ;</subfield>
   <subfield code="c">25 εκ.</subfield>
  </datafield>
  <datafield tag="650" ind1=" " ind2="4">
   <subfield code="a">Φιλοσοφία και θρησκεία.</subfield>
  </datafield>
  <datafield tag="650" ind1=" " ind2="0">
   <subfield code="a">Philosophy and religion.</subfield>
  </datafield>
  <datafield tag="852" ind1=" " ind2=" ">
   <subfield code="a">INST</subfield>
   <subfield code="b">UNIPILB</subfield>
   <subfield code="c">MAIN</subfield>
   <subfield code="e">20211209</subfield>
   <subfield code="h">210 ΠΑΠ</subfield>
   <subfield code="p">00186519</subfield>
   <subfield code="q">00186519</subfield>
   <subfield code="t">LOAN</subfield>
   <subfield code="y">0</subfield>
   <subfield code="4">1</subfield>
  </datafield>
  <datafield tag="960" ind1=" " ind2=" ">
   <subfield code="a">ΜΑΡΙΑ ΒΕΛ</subfield>
  </datafield>
 </record>
</collection>
